| 000 | 00357nam a2200133Ia 4500 | ||
|---|---|---|---|
| 008 | 240624s9999 xx 000 0 und d | ||
| 041 | _aeng | ||
| 082 | _a332.63 FAB | ||
| 100 | _aFABOZZI FRANK J | ||
| 245 | _aDURATION CONVEXITY AND OTHER BOND RISK M | ||
| 260 |
_c1999 _aPennsylvania _bJohn Wiley and Sons |
||
| 300 | _a254 : p. : cm. ; 24 | ||
| 365 |
_c _b30 |
||
| 999 |
_c11120 _d11120 |
||